|
|
|
|
| LEADER |
00000nab a2200000 a 4500 |
| 001 |
vtls011112747 |
| 003 |
SK-MaSNL |
| 005 |
20260304223912.0 |
| 008 |
230222|2012 xo |||||||||||||||||slo| |
| 015 |
|
|
|a SNBRB
|
| 035 |
|
|
|a (uuid)1e7ff0a6-4086-497b-90b9-f333ffc12aa9
|
| 035 |
|
|
|a (urnnbn)urn:nbn:sk:snk:ar-a08go3
|
| 035 |
|
|
|a urn:nbn:sk:snk-ab9j7h
|
| 040 |
|
|
|a SNKBUCL
|b slo
|c SNKBUCL
|e AACR2
|
| 041 |
0 |
|
|a slo
|
| 044 |
|
|
|a xo
|c SK
|
| 100 |
1 |
|
|a Dado, Miroslav,
|d 1976-
|4 aut
|9 210149
|
| 245 |
1 |
0 |
|a POSUDZOVANIE RIZÍK Z EXPOZÍCIE HLUKU: POROVNANIE VÝSLEDKOV SIMULAČNÉHO MODELU A MERANÍ IN SITU
|c Miroslav Dado
|
| 246 |
3 |
|
|a OCCUPATIONAL NOISE EXPOSURE RISK ASSESSMENT: A COMPARISON BETWEEN RESULTS FROM SIMULATION MODEL AND MEASUREMENTS IN SITU
|
| 773 |
0 |
|
|t Acta Facultatis technicae Zvolen : vedecký časopis Fakulty environmentálnej a výrobnej techniky
|g Roč. 17, č. 1 (2012), s. 7-14
|
| 954 |
|
|
|a odborná, vedecká literatúra pôvodná (slovenská)
|2 lita
|
| 958 |
|
|
|a OND
|
| 958 |
|
|
|a EUIPO
|
| 958 |
|
|
|a article13
|
| 999 |
|
|
|c 3170213
|d 3172143
|